Οδηγός γεωργικών βιομηχανιών
Αποθηκεύτηκε σε:
| Συγγραφή απο Οργανισμό/Αρχή: | |
|---|---|
| Μορφή: | Βιβλίο |
| Γλώσσα: | Greek |
| Δημοσίευση: |
Αθήνα :
Αγροτική Τράπεζα της Ελλάδος,
1985
|
| Θέματα: | |
| Ετικέτες: |
Προσθήκη ετικέτας
Δεν υπάρχουν, Καταχωρήστε ετικέτα πρώτοι!
|
MARC
| LEADER | 00000nam a2200000 i 4500 | ||
|---|---|---|---|
| 001 | 1/91786 | ||
| 008 | 961121s1985 gre d | ||
| 035 | |l 10008181 | ||
| 040 | |a GR-MY-UA |b gre |e aacr | ||
| 041 | 0 | |a gre | |
| 082 | 0 | |a 338.1016 | |
| 110 | 2 | |a Αγροτική Τράπεζα Ελλάδος |b Διεύθυνση Μελετών και Προγραμματισμού. | |
| 245 | 1 | 0 | |a Οδηγός γεωργικών βιομηχανιών / |c Αγροτική Τράπεζα της Ελλάδος. Διεύθυνση Μελετών και Προγραμματισμού |
| 260 | |a Αθήνα : |b Αγροτική Τράπεζα της Ελλάδος, |c 1985 | ||
| 300 | |a 510 σ. | ||
| 650 | 0 | 0 | |a Agricultural industries |x Guidebooks. |
| 852 | |a INST |b LESVOS |e 19961121 |h 338.1016 ΟΔΗ |p 005100012421 |q 005100012421 |t REF |y 23 | ||
| 909 | |a Λ |b 07834 | ||